<?xml version="1.0" encoding="UTF-8"?><?xml-stylesheet type="text/xsl" href="static/style.xsl"?><OAI-PMH xmlns="http://www.openarchives.org/OAI/2.0/" xmlns:xsi="http://www.w3.org/2001/XMLSchema-instance" xsi:schemaLocation="http://www.openarchives.org/OAI/2.0/ http://www.openarchives.org/OAI/2.0/OAI-PMH.xsd"><responseDate>2026-04-13T05:48:05Z</responseDate><request verb="GetRecord" identifier="oai:www.recercat.cat:2445/128481" metadataPrefix="marc">https://recercat.cat/oai/request</request><GetRecord><record><header><identifier>oai:recercat.cat:2445/128481</identifier><datestamp>2025-12-04T20:39:58Z</datestamp><setSpec>com_2072_1057</setSpec><setSpec>col_2072_478800</setSpec><setSpec>col_2072_478917</setSpec></header><metadata><record xmlns="http://www.loc.gov/MARC21/slim" xmlns:dcterms="http://purl.org/dc/terms/" xmlns:xsi="http://www.w3.org/2001/XMLSchema-instance" xmlns:doc="http://www.lyncode.com/xoai" xsi:schemaLocation="http://www.loc.gov/MARC21/slim http://www.loc.gov/standards/marcxml/schema/MARC21slim.xsd">
   <leader>00925njm 22002777a 4500</leader>
   <datafield ind2=" " ind1=" " tag="042">
      <subfield code="a">dc</subfield>
   </datafield>
   <datafield ind2=" " ind1=" " tag="720">
      <subfield code="a">Curcoy Barcenilla, Ana Isabel</subfield>
      <subfield code="e">author</subfield>
   </datafield>
   <datafield ind2=" " ind1=" " tag="720">
      <subfield code="a">Trenchs Sainz de la Maza, Victoria</subfield>
      <subfield code="e">author</subfield>
   </datafield>
   <datafield ind2=" " ind1=" " tag="720">
      <subfield code="a">Herrero Fernández, Julia</subfield>
      <subfield code="e">author</subfield>
   </datafield>
   <datafield ind2=" " ind1=" " tag="720">
      <subfield code="a">Hernández García, María</subfield>
      <subfield code="e">author</subfield>
   </datafield>
   <datafield ind2=" " ind1=" " tag="720">
      <subfield code="a">Torrús López, Isabel</subfield>
      <subfield code="e">author</subfield>
   </datafield>
   <datafield ind2=" " ind1=" " tag="720">
      <subfield code="a">Pou Fernández, Jordi</subfield>
      <subfield code="e">author</subfield>
   </datafield>
   <datafield ind2=" " ind1=" " tag="720">
      <subfield code="a">Luaces Cubells, Carles</subfield>
      <subfield code="e">author</subfield>
   </datafield>
   <datafield ind2=" " ind1=" " tag="260">
      <subfield code="c">2019-02-19T18:52:06Z</subfield>
   </datafield>
   <datafield ind2=" " ind1=" " tag="260">
      <subfield code="c">2019-02-19T18:52:06Z</subfield>
   </datafield>
   <datafield ind2=" " ind1=" " tag="260">
      <subfield code="c">2018-11-14</subfield>
   </datafield>
   <datafield ind2=" " ind1=" " tag="260">
      <subfield code="c">2019-02-19T18:52:06Z</subfield>
   </datafield>
   <datafield ind2=" " ind1=" " tag="520">
      <subfield code="a">Fundamentos: Las lesiones no intencionadas son la primera causa de morbimortalidad infantil, los Servicios de Urgencias pueden ser un buen lugar para incidir en su prevención, orientando y anticipando situaciones de riesgo. El objetivo de este trabajo fue evaluar en Urgencias el conocimiento y la actitud de los padres-cuidadores de los niños de uno a cuatro años en seguridad infantil y valorar si existen diferencias en función de si el niño ha sufrido una lesión no intencionada (LNI) o no. Métodos: Estudio descriptivo transversal a través de encuestas realizado en un Servicio de Urgencias durante 44 días escogidos aleatoriamente entre dos periodos (10/2015-01/2016 y 10/2016-01/2017). Se encuestó a los padres-cuidadores de los niños entre uno y cuatro años. Por cada niño con LNI (GRUPO1) se incluyeron dos con otro motivo de consulta (GRUPO2). Se utilizó la encuesta de Seguridad de Framingham. Se consideró que el conocimiento y actitud de los padres-cuidadores era adecuado si la proporción de respuestas correctas fue≥75%. Se analizaron los datos con el programa estadístico SPSS v 22.0 para Windows. Resultados: Respondieron a la encuesta 499 padres-cuidadores; 170 pertenecían al GRUPO1 y 329 al GRUPO2. La mediana de respuestas correctas fue de 27/39(69,2%) en ambos grupos. Las variables donde se detectaron más respuestas incorrectas fueron: falta de seguridad frente a un incendio (409;82%) y ausencia de rejas en las ventanas (402;80,6%). Cuarenta y cinco (26,5%) padres-cuidadores del GRUPO1 y 94(28,6%) del GRUPO2 contestaron correctamente≥75% a las preguntas (p=0,620); por edad de los niños, el 34,8% de los padres-cuidadores de los de un año, el 26,9% de los de dos, el 26,8% de los de tres y el 17,9% de los de cuatro (p=0,007). Conclusiones: El conocimiento de las familias para prevenir LNI fue bajo, tanto si éste era o no, el motivo de consulta. Se detectó una relajación en las medidas de seguridad al aumentar la autonomía de los niños.</subfield>
   </datafield>
   <datafield tag="653" ind2=" " ind1=" ">
      <subfield code="a">Prevenció d'accidents</subfield>
   </datafield>
   <datafield tag="653" ind2=" " ind1=" ">
      <subfield code="a">Urgències en pediatria</subfield>
   </datafield>
   <datafield tag="653" ind2=" " ind1=" ">
      <subfield code="a">Medicina preventiva</subfield>
   </datafield>
   <datafield tag="653" ind2=" " ind1=" ">
      <subfield code="a">Prevention of accidents</subfield>
   </datafield>
   <datafield tag="653" ind2=" " ind1=" ">
      <subfield code="a">Pediatric emergencies</subfield>
   </datafield>
   <datafield tag="653" ind2=" " ind1=" ">
      <subfield code="a">Preventive medicine</subfield>
   </datafield>
   <datafield ind2="0" ind1="0" tag="245">
      <subfield code="a">Conocimientos en seguridad infantil de los padres de niños de 1 a 4 años</subfield>
   </datafield>
</record></metadata></record></GetRecord></OAI-PMH>